书目信息 |
| 题名: |
健康生活完全指南
|
|
| 作者: | 郭裕 , 尹学兵 主编 | |
| 分册: | ||
| 出版信息: | 上海 上海文化出版社 2008.08 |
|
| 页数: | 164页 | |
| 开本: | 21cm | |
| 丛书名: | 健康丛书 | |
| 单 册: | ||
| 中图分类: | R4 , R764.45 | |
| 科图分类: | ||
| 主题词: | 常见病--chang jian bing--防治--基本知识 , 耳鸣--er ming--防治--基本知识 , 耳聋--er long--防治--基本知识 | |
| 电子资源: | ||
| ISBN: | 978-7-80740-338-8 | |
| 000 | 01072nam 2200313 450 | |
| 001 | 012009684222 | |
| 005 | 20090623110458.50 | |
| 010 | @a978-7-80740-338-8@dCNY15.00 | |
| 100 | @a20090623d2008 em y0chi0120 ea | |
| 101 | 0 | @achi |
| 102 | @aCN@b310000 | |
| 105 | @ay a 000yy | |
| 106 | @ar | |
| 200 | 1 | @a健康生活完全指南@Ajian kang sheng huo wan quan zhi nan@e耳鸣耳聋@f郭裕, 尹学兵主编@Fguo yu,yin xue bing zhu bian |
| 210 | @a上海@c上海文化出版社@d2008.08 | |
| 215 | @a164页@d21cm | |
| 225 | 2 | @a健康丛书@Ajian kang cong shu |
| 320 | @a有书目 | |
| 330 | @a本书主要内容从患者的角度,用提问的形式,从认识、预防、病症、检验、治疗、饮食、生活等方面入手,全面解答了耳鸣耳聋患者最关心的问题。 | |
| 410 | 0 | @12001 @a健康丛书 |
| 606 | 0 | @a常见病@Achang jian bing@x防治@x基本知识 |
| 606 | 0 | @a耳鸣@Aer ming@x防治@x基本知识 |
| 606 | 0 | @a耳聋@Aer long@x防治@x基本知识 |
| 690 | @aR4@v4 | |
| 690 | @aR764.45@v4 | |
| 701 | 0 | @a郭裕@Aguo yu@4主编 |
| 701 | 0 | @a尹学兵@Ayin xue bing@4主编 |
| 801 | 0 | @aCN@bQSSK@c20090623 |
| 905 | @b747755-57@dR4@eG868@f3 | |
| 健康生活完全指南:耳鸣耳聋/郭裕, 尹学兵主编.-上海:上海文化出版社,2008.08 |
| 164页;21cm.-(健康丛书) |
| ISBN 978-7-80740-338-8:CNY15.00 |
| 本书主要内容从患者的角度,用提问的形式,从认识、预防、病症、检验、治疗、饮食、生活等方面入手,全面解答了耳鸣耳聋患者最关心的问题。 |
| ● |
| 相关链接 |
|
|
|
正题名:健康生活完全指南
索取号:R4/G868
 
预约/预借
| 序号 | 登录号 | 条形码 | 馆藏地/架位号 | 状态 | 备注 |
| 1 | 747755 | 207477559 | 自科库401/401自科库 16排2列4层/ [索取号:R4/G868] | 在馆 | |
| 2 | 747756 | 207477568 | 自科库401/401自科库 16排2列4层/ [索取号:R4/G868] | 在馆 | |
| 3 | 747757 | 207477577 | 自科库401/401自科库 16排2列4层/ [索取号:R4/G868] | 在馆 |